|
|
|
|
| LEADER |
01080cam a2200253 7i4500 |
| 001 |
0000081542 |
| 005 |
20240418090000.0 |
| 020 |
|
|
|a 9780443184307 (electronic book)
|
| 090 |
0 |
0 |
|a Q325.73
|b .D438 2023
|
| 245 |
0 |
0 |
|a Deep learning
|c edited by Venu Govindaraju, Arni S.R. Srinivasa Rao, C.R. Rao.
|
| 264 |
|
|
|a Cambridge, MA:
|b Academic Press, an imprint of Elsevier,
|c 2023.
|
| 300 |
|
|
|a 1 online resource (xv, 252 pages):
|b illustrations (some color), text file, PDF.
|
| 336 |
|
|
|a text
|2 rdacontent
|
| 337 |
|
|
|a computer
|2 rdamedia
|
| 338 |
|
|
|a online resource
|2 rdacarrier
|
| 650 |
|
0 |
|a Deep learning (Machine learning) --
|x Statistical methods
|
| 650 |
|
0 |
|a Deep learning (Machine learning)
|
| 655 |
|
0 |
|a Electronic books
|
| 700 |
1 |
|
|a Govindaraju, Venugopal
|
| 700 |
1 |
|
|a Srinivasa Rao, Arni S. R.
|
| 700 |
1 |
|
|a Rao, C. Radhakrishna (Calyampudi Radhakrishna), 1920-2023
|
| 856 |
4 |
2 |
|u http://library.unisel.edu.my/web/guest/mylibrary
|
| 997 |
|
|
|a Communication, Visual Art & Computing, Faculty
|b Computing, Department
|
| 999 |
|
|
|a EBO0022745
|b EBOOK
|c EBOOK
|e Electronic resources
|